Los fantasmas de las bases militares /
Guardado en:
| Hovedforfatter: | |
|---|---|
| Format: | Texto |
| Tags: |
Tilføj Tag
Ingen Tags, Vær først til at tagge denne postø!
|
MARC
| LEADER | 00000 a a2200000 04500 | ||
|---|---|---|---|
| 001 | 7121 | ||
| 003 | |||
| 040 | |||
| 100 | |a Lindsay - Polland, John | ||
| 245 | |a Los fantasmas de las bases militares / |c John Lindsay - Polland | ||
| 773 | |g volumen 19, número 214 -215; páginas 34-37 | ||
| 999 | |c 23287 |d 23287 | ||
